Countries in the Northern Hemisphere - Sudden Death - Statistics

General Stats
  • This quiz has been taken 92 times
    28 since last reset
  • The average score is 10 of 14
Answers on the Grid
Answers color-coded by a green-red scale on the quiz's grid according to % correct below.
India
Bahrain
Angola
Bolivia
Argentina
New Zealand
Tanzania
Cameroon
Algeria
Philippines
Malaysia
Maldives
Seychelles
Équatorial Guinea
Tuvalu
Fiji
Palau
United States
Solomon Islands
East Timor
France
Moldova
Cyprus
Central African Republic
 
Answer Stats
Answer % Correct
Central African Republic
100%
Cyprus
90%
Malaysia
90%
Algeria
80%
Bahrain
80%
France
80%
India
80%
United States
80%
Cameroon
60%
Maldives
60%
Moldova
60%
Philippines
60%
Équatorial Guinea
50%
Palau
50%
No matching quizzes found
Score Distribution
Percent of People with Each Score
Percentile by Number Answered
Your Score History
You have not taken this quiz since the last reset